<?xml version='1.0' encoding='UTF-8'?>
  <record xmlns="http://www.loc.gov/MARC21/slim">
    <leader>00000cam a22000007i 4500</leader>
    <controlfield tag="001">ocm66859802</controlfield>
    <controlfield tag="003">OCoLC</controlfield>
    <controlfield tag="005">20250923052336.5</controlfield>
    <controlfield tag="008">031214s1520    fr            000 0 ger d</controlfield>
    <datafield tag="040" ind1=" " ind2=" ">
      <subfield code="a">NLGGC</subfield>
      <subfield code="b">eng</subfield>
      <subfield code="e">rda</subfield>
      <subfield code="e">dcrmr</subfield>
      <subfield code="c">NLGGC</subfield>
      <subfield code="d">OCLCO</subfield>
      <subfield code="d">QGJ</subfield>
      <subfield code="d">OCLCL</subfield>
      <subfield code="d">OCLCO</subfield>
    </datafield>
    <datafield tag="066" ind1=" " ind2=" ">
      <subfield code="c">(S</subfield>
    </datafield>
    <datafield tag="029" ind1="0" ind2=" ">
      <subfield code="a">NLGGC</subfield>
      <subfield code="b">257934944</subfield>
    </datafield>
    <datafield tag="035" ind1=" " ind2=" ">
      <subfield code="a">(OCoLC)66859802</subfield>
    </datafield>
    <datafield tag="100" ind1="1" ind2=" ">
      <subfield code="a">Luther, Martin,</subfield>
      <subfield code="d">1483-1546,</subfield>
      <subfield code="e">author.</subfield>
      <subfield code="4">aut</subfield>
      <subfield code="1">https://id.oclc.org/worldcat/entity/E39PBJcC3jTktTmxwtTMgxrQbd</subfield>
    </datafield>
    <datafield tag="240" ind1="1" ind2="0">
      <subfield code="a">Works.</subfield>
      <subfield code="k">Selections.</subfield>
      <subfield code="l">German.</subfield>
      <subfield code="f">1520</subfield>
    </datafield>
    <datafield tag="245" ind1="1" ind2="0">
      <subfield code="a">Martini Luthers der waren götlichen schrifft Doctors, Augustiner zů Wittenbergk, mancherley büchlin vnnd tractetlin Jn wölchẽ]n] ein yegklicher Lay vil heylsamer Christlicher Lere und Underweysung findet, so not seindt zů wissenn einem yegklichen Christen menschen, der nach Christlicher Ordnung (als wir allen söllen) leben will :</subfield>
      <subfield code="b">... Jtem Apologia: das ist ein schirmred vnd antwort gegen etlicher einrede, so geschehen wider D. Martinu[m] Luthern vnd seine Ewangelische lere mit fast schönen, wolgegrünten bewerungen bewerungen, das seine leere als warhafftig Christlich vnnd götlich anzůnemen sey.</subfield>
    </datafield>
    <datafield tag="246" ind1="3" ind2=" ">
      <subfield code="a">Mancherley Büchlin und Tractetlin</subfield>
    </datafield>
    <datafield tag="246" ind1="3" ind2=" ">
      <subfield code="a">Apologia, das ist ein Schirmred und Antwort gegen etlicher Einrede</subfield>
    </datafield>
    <datafield tag="264" ind1=" " ind2="1">
      <subfield code="a">[Strasbourg] :</subfield>
      <subfield code="b">[Matthias Schürer Erben],</subfield>
      <subfield code="c">Tausent fünffhundert vnnd zwentzig jar. [1520]</subfield>
    </datafield>
    <datafield tag="300" ind1=" " ind2=" ">
      <subfield code="a">[4], CCXXIII leaves ;</subfield>
      <subfield code="c">21 cm (4to)</subfield>
    </datafield>
    <datafield tag="336" ind1=" " ind2=" ">
      <subfield code="a">text</subfield>
      <subfield code="b">txt</subfield>
      <subfield code="2">rdacontent</subfield>
    </datafield>
    <datafield tag="337" ind1=" " ind2=" ">
      <subfield code="a">unmediated</subfield>
      <subfield code="b">n</subfield>
      <subfield code="2">rdamedia</subfield>
    </datafield>
    <datafield tag="338" ind1=" " ind2=" ">
      <subfield code="a">volume</subfield>
      <subfield code="b">nc</subfield>
      <subfield code="2">rdacarrier</subfield>
    </datafield>
    <datafield tag="340" ind1=" " ind2=" ">
      <subfield code="m">4to</subfield>
      <subfield code="2">rdabf</subfield>
    </datafield>
    <datafield tag="500" ind1=" " ind2=" ">
      <subfield code="a">"Apologia. : Schrimred vnd Christenliche antwort eins eerbaren liebhabers götlicher warheit der heiligen geschrifft vff ettlicher widersprechen, mit anzeygung warumb Doctor Martini Luthers lere nit als vnchristenlich verworffen, sunder meer als Christenlich gehalten werden sol." by Lazarus Spengler. (VD 16)</subfield>
    </datafield>
    <datafield tag="500" ind1=" " ind2=" ">
      <subfield code="a">Place of publication and printer's name from VD 16; year of publication from colophon, which reads: Vollendet im October, Als man zalt von Christus geburt Tausent fünffhundert vnnd zwentzig jar.</subfield>
    </datafield>
    <datafield tag="510" ind1="4" ind2=" ">
      <subfield code="a">Verzeichnis der im deutschen Sprachbereich erschienenen Drucke des 16. Jahrhunderts (VD 16),</subfield>
      <subfield code="c">L 3308</subfield>
      <subfield code="u">https://gateway-bayern.de/VD16+L+3308</subfield>
    </datafield>
    <datafield tag="510" ind1="4" ind2=" ">
      <subfield code="a">Benzing, J. Lutherbibliographie,</subfield>
      <subfield code="c">8</subfield>
    </datafield>
    <datafield tag="500" ind1=" " ind2=" ">
      <subfield code="6">880-01</subfield>
      <subfield code="a">Title in red and black within decorated woodcut border.</subfield>
    </datafield>
    <datafield tag="650" ind1=" " ind2="0">
      <subfield code="a">Reformation</subfield>
      <subfield code="z">Germany</subfield>
      <subfield code="v">Sources.</subfield>
    </datafield>
    <datafield tag="650" ind1=" " ind2="7">
      <subfield code="a">Reformation</subfield>
      <subfield code="2">fast</subfield>
    </datafield>
    <datafield tag="651" ind1=" " ind2="7">
      <subfield code="a">Germany</subfield>
      <subfield code="2">fast</subfield>
      <subfield code="1">https://id.oclc.org/worldcat/entity/E39PBJtCD3rcKcPDx6FHmjvrbd</subfield>
    </datafield>
    <datafield tag="655" ind1=" " ind2="7">
      <subfield code="a">Sources</subfield>
      <subfield code="2">fast</subfield>
    </datafield>
    <datafield tag="700" ind1="1" ind2="2">
      <subfield code="i">Container of (work):</subfield>
      <subfield code="a">Spengler, Lazarus,</subfield>
      <subfield code="d">1479-1534.</subfield>
      <subfield code="t">Schutzrede für Luthers Lehre.</subfield>
    </datafield>
    <datafield tag="710" ind1="2" ind2=" ">
      <subfield code="a">Matthias Schürer Erben,</subfield>
      <subfield code="e">printer.</subfield>
      <subfield code="4">prt</subfield>
      <subfield code="1">https://id.oclc.org/worldcat/entity/E39QH7JmqkBbXYQft9wvWhjc7R</subfield>
    </datafield>
    <datafield tag="752" ind1=" " ind2=" ">
      <subfield code="a">France</subfield>
      <subfield code="d">Strasbourg,</subfield>
      <subfield code="e">publication place.</subfield>
      <subfield code="4">pup</subfield>
    </datafield>
    <datafield tag="880" ind1=" " ind2=" ">
      <subfield code="6">500-01/(S</subfield>
      <subfield code="a">Signatures: [π]⁴ A⁴ B⁸ C⁴ D⁸ E-F⁴ G⁸ H-I⁴ K⁸ L-M⁴ N⁸ O⁴ P⁸ Q-R⁴ S⁸ T-V⁴ X⁸ Y-Z⁴ Aa⁸ Bb-Cc⁴ Dd⁸ Ee-Ff⁴ Gg⁸ Hh-Kk⁴ Ll⁸ Mm-Oo⁴ Pp⁸ Qq-Rr⁴ Ss⁸ Tt⁴ ; Tt4 is blank.</subfield>
    </datafield>
  </record>